000 01995cam a22004814i 4500
003 PE-LiUPU
005 20250731173422.0
008 150706s r 000 0 d
020 _a9780829757040
035 _a(Sirsi) i9780829757040
040 _aPE-LiUPU
_bspa
_cPE-LiUPU
_erda
049 _aPRUA
082 0 4 _a232.906
_bS22
_221
100 1 _aSpangler, Ann,
_eautor.
245 1 0 _aSentado a los pies del Maestro Jesús :
_bel trasfondo judío de Jesús y su impacto en la fe cristiana /
_cAnn Spangler y Lois Tverberg.
264 1 _aMiami, Florida :
_bVida,
_c2010.
300 _a280 páginas ;
_c21 cm.
336 _atext
_2rdacontent
337 _aunmediated
_2rdamedia
338 _avolume
_2rdacarrier
505 0 _aÚnase a María a los pies de Jesús -- ¿Por qué un maestro judío? -- Cuando ensartaban perlas -- Sigamos al maestro -- Búsquese algunos Haverim -- Maestro, ensénanos a orar -- Una bendición para cada cosa -- Un descubrimiento de Pascua -- Descubramos a Jesús en las fiestas judías -- A la mesa con el maestro -- Jesús y la Tora -- El misterioso reino de Dios -- Seamos verdaderos.
526 _aSEG42
526 _aSEG41
526 _aSEG40
526 _aSEG39
526 _aP94
526 _aP87
526 _aP86
526 _aP85
526 _aP77
526 _aP76
526 _aP35
541 _g001-0000591;
600 1 _aJesucristo
_xJudaísmo
700 1 _aTverberg, Lois,
_eautor.
700 1 _aRojas y Rojas Editores,
_etr.
910 _agl20120611
942 _2ddc
_cBOOK
949 _a232.906 S22
_wDEWEY
_c1
_i64956
_lCCODEBUL1
_mBUL
_p13.00
_r0
_sY
_tBOOK
_u2015-7-6
_xTEOLOGIA
_PP35
_o.STAFF. Colección General
994 _aC0
_bPEPRU
596 _a1
999 _a232.906 S22
_wDEWEY
_c53666
_i64956
_f2021-11-10
_g5
_lCCODEBUL1
_mBUL
_p13.00
_r0
_sY
_tBOOK
_u2015-7-6
_xTEOLOGIA
_PP35
_0COMPRA
_o.STAFF. Colección General
_d53666
980 _81
_gALBERTO SANCHEZ Responsable de Automatización